| 000 | 00843nam a2200229 a 4500 | ||
|---|---|---|---|
| 001 | 4128 | ||
| 005 | 20140414131932.0 | ||
| 008 | 090209s19uu xx 00 eng d | ||
| 020 | _a0-7368-0597-4 | ||
| 050 |
_aREF 363.25 _bB64 2001 |
||
| 100 | _aBoraas, Tracey | ||
| 245 |
_aPolice detective / _cby Tracey Boraas. |
||
| 260 |
_aMankato, Minnesota : _bCapstone Press, _cc2001. |
||
| 300 | _a48 p. : col., ill. cm. | ||
| 440 | _aCareer exploration | ||
| 500 | _aIncludes bibliographical references and index. | ||
| 520 | _aIntroduces the career of police detective, focusing on educational requirements, duties, work environment, salary, employment outlook, and possible future positions. | ||
| 650 |
_aDetectives _xJuvenile literature. |
||
| 650 |
_aCriminal Investigation _xJuvenile literature. |
||
| 999 |
_c112284 _d112284 |
||